| Tag |
First Indicator |
Second Indicator |
Subfields |
| LEADER |
00000pam a22000004a 4500 |
| 001 |
in00002003646 |
| 005 |
20151031131301.0 |
| 008 |
040514s2004 nyua b 001 0 eng |
| 010 |
|
|
|a 2004051640
|
| 020 |
|
|
|a 0805074562
|
| 035 |
|
|
|a (OCoLC)ocm55510125
|
| 040 |
|
|
|a DLC
|c DLC
|d YDX
|d UtOrBLW
|
| 042 |
|
|
|a pcc
|
| 049 |
|
|
|a TXAM
|
| 050 |
0 |
0 |
|a QP376
|b .H294 2004
|
| 082 |
0 |
0 |
|a 612.8/2
|2 22
|
| 100 |
1 |
|
|a Hawkins, Jeff,
|d 1957-
|
| 245 |
1 |
0 |
|a On intelligence /
|c Jeff Hawkins with Sandra Blakeslee.
|
| 250 |
|
|
|a 1st ed.
|
| 264 |
|
1 |
|a New York :
|b Times Books,
|c 2004.
|
| 300 |
|
|
|a 261 pages :
|b illustrations ;
|c 25 cm.
|
| 336 |
|
|
|a text
|b txt
|2 rdacontent
|
| 337 |
|
|
|a unmediated
|b n
|2 rdamedia
|
| 338 |
|
|
|a volume
|b nc
|2 rdacarrier
|
| 504 |
|
|
|a Includes bibliographical references (pages 247-252) and index.
|
| 650 |
|
0 |
|a Brain.
|
| 650 |
|
0 |
|a Intellect.
|
| 650 |
|
0 |
|a Artificial intelligence.
|
| 650 |
|
0 |
|a Neural networks (Computer science)
|
| 700 |
1 |
|
|a Blakeslee, Sandra.
|
| 945 |
|
|
|i PromptCat
|
| 948 |
|
|
|a cataloged
|b h
|c 2004/11/10
|d c
|e cmulkey
|f 10:03:38 am
|
| 994 |
|
|
|a 92
|b TXA
|
| 999 |
|
|
|a MARS
|
| 999 |
f |
f |
|s aac8571c-01c9-3a00-bed3-2dcaa84730fb
|i 2fdd00a0-be37-37ee-a10d-85687ce83531
|t 0
|
| 952 |
f |
f |
|p normal
|a Texas A&M University
|b College Station
|c Sterling C. Evans Library
|d Evans: Library Stacks
|t 0
|e QP376 .H294 2004
|h Library of Congress classification
|i unmediated -- volume
|m A14831600115
|
| 998 |
f |
f |
|a QP376 .H294 2004
|t 0
|l Evans: Library Stacks
|